000 00487pab a2200181 454500
008 180718b2013 xxu||||| |||| 00| 0 eng d
100 _aSingh, Raminder
245 _aCommon school system: An ignored principles of democratic educational planning in India
260 _c2013
300 _ap10-16.
362 _a23 Sep
650 _aSchools - India
650 _aEducational planning - India
650 _aSchools
773 _aUniversity News
908 _aN
909 _a101563
999 _c101561
_d101561